| 000 | 01136nam a22002175i 4500 | ||
|---|---|---|---|
| 001 | 160505 | ||
| 003 | ES-MaACL | ||
| 005 | 20251015063142.0 | ||
| 008 | 980710s1896 sp a |||| | spa d | ||
| 040 |
_aCCPB | B _bspa _cCCPB | B |
||
| 100 | 1 |
_aNavarrete y Alcázar, Adolfo, _d1861-1925 _985044 |
|
| 245 | 1 | 0 |
_aManual de zootalasografía _b: con descripción de los medios que se emplean para el estudio del mar y la captura y conservación científica de las especies / _cpresentado al Ministro de Marina por el teniente de navío Adolfo Navarrete para el uso de los oficiales de La Armada. |
| 260 |
_aMadrid : _b[s.n.], _c1896 ( _fImprenta de la Viuda é Hija de Gómez Fuentenebro) |
||
| 300 |
_aXIV, 296 p., XX h. de lám., [4] h. pleg., [12] p. de tablas : _bil. ; _c26 cm. |
||
| 530 | _aDisponible también en sitio web. | ||
| 650 | 4 |
_aFauna marina. _9137003 |
|
| 650 |
_aBiología marina. _9135692 |
||
| 852 |
_aES-MaACL _jG-10175 _z-- Enc. hol. |
||
| 856 |
_uhttp://bibliotecadigitalhispanica.bne.es:80/webclient/DeliveryManager?pid=1602700&custom_att_2=simple_viewer _zIr a la página |
||
| 999 |
_c160505 _d160505 |
||